| 000 | 00573nam a2200205 a 4500 | ||
|---|---|---|---|
| 005 | 20240116063606.0 | ||
| 008 | 991125 mad 000 0 spa u | ||
| 020 | _a8420616168 | ||
| 035 | _aUPN01000010449 | ||
| 049 | _aCG | ||
| 050 | 4 |
_aP90 _bD3.28 |
|
| 100 | 1 | _aDavis, Flora | |
| 245 | 1 | 3 |
_aLa comunicación no verbal / _cFlora Davis ; tr. Lita Mourglier. |
| 260 |
_aMadrid : _bAlianza. |
||
| 300 | _a259 p. | ||
| 440 | 3 |
_aEl libro de bolsillo. _pHumanidades ; _v616 |
|
| 650 | 2 |
_aComunicación humana _97472 |
|
| 650 | 2 |
_aExpresión corporal _91515 |
|
| 905 | _aLibro | ||
| 999 |
_c10449 _d10449 |
||